1115 1762 1803 1614 1920 1983 1836 1286 1233 1904 1757 1217 1796 1833 1890 1971 1337 1172 1691 1938 1796 1768 1011 1321 1423 1024 1942 1121 1169 1169 1208 1064 1872 1686 1024 1172 1544 1452 1994 1801 1997 1596 1066 1676 1672 1295 1984 1425 1597 1417 1735 1441 1530 1833 1665 1941 1458 1600 1255 1761 1119 1808 1415 1959 1343 1633 1966 1356 1966 1019 1822 1292 1498 1806 1167 1680 1623 1389 1720 1049 1724 1141 1756 1186 1686 1352 1166 1789 1536 1417 1160 1990 1584 1821 1727 1368 1553 1140 1007 BCNSPRNW ULIB Ver.6.0+V

เปลี่ยนเป็นภาษาไทย

Change to English
 แสดงรายละเอียดบรรณานุกรม
  กลับหน้าหลัก

Brief Record : Get Marc (ISO 2709) : E-mail record : QR code < ปิดหน้าต่าง
LEADER : 00000nam 2200000uu 4500
001    13399122450
003     ULIB
008    130624s2554||||th 000 0 tha d
020    ^a9789746520966
060 04 ^aWS100^bว171ต
245 00 ^aตำรากุมารเวชศาสตร์สำหรับเวชปฏิบัติ /^cบรรณาธิการ, วนิดาเปาอินทร์ ... [และคนอื่นๆ]
250    ^aพิมพ์ครั้งที่ 2
260    ^aกรุงเทพฯ :^bไอกรุ๊ป เพรส,^c2554
300    ^avii, 414 หน้า :^bภาพประกอบ. ;^c26 cm
650  7 ^aกุมารเวชศาสตร์
650  7 ^aเด็ก^xโรค
700 0  ^aวนิดา เปาอินทร์,^eบรรณาธิการ
945    ^p450^l0^i19939
995    ^aทศพร
999    ^aกัณชพร
รายการนี้ยังไม่มีแท็ก
คุณยังไม่ได้ล็อกอิน คุณสามารถมีกิจกรรมร่วมกับเว็บไซต์ได้ แต่ต้องล็อกอินก่อน ::
  ล็อกอิน

รายการสื่อสารสนเทศ

ลำดับที่ ประเภท เลขเรียก/บาร์โค้ด สถานที่ สถานะ
1. วิทยาศาสตร์การแพทย์ และสุขภาพ
วิทยาศาสตร์การแพทย์ และสุขภาพ
สถานะ=หนังสือเก่า
WS100 ว171ต ฉ.1 
  Barcode: 19939
ห้องสมุดวิทยาเขตนครสวรรค์
►ส่วนจัดเก็บหนังสือเก่า นว.
บนชั้น
  ขอยืม

รายการใกล้เคียง
    หัวเรื่อง [กุมารเวชศาสตร์]

BibComment


ยังไม่เคยถูกคอมเมนท์

คอมเมนท์ทรัพยากรรายการนี้
  คอมเมนท์: ตำรากุมารเวชศาสต..


 Copyright 2026. Bcnsprnw @Library